[Event "Karvina op"]
[Site "Karvina"]
[Date "2012.07.07"]
[Round "8"]
[White "Koci, Tomas"]
[Black "Macicek, Jan"]
[Result "0-1"]
[WhiteElo "1000"]
[BlackElo "2117"]
[PlyCount "125"]
[EventDate "2012.06.30"]
[EventType "swiss"]
[EventRounds "9"]
[EventCountry "CZE"]
[SourceTitle "EXT 2014"]
[Source "ChessBase"]
[SourceDate "2013.11.20"]
[SourceVersion "1"]
[SourceVersionDate "2013.11.20"]
[SourceQuality "1"]

1. e4 c5 2. c3 e5 3. Nf3 Nc6 4. Be2 Nf6 5. d3 Be7 6. 0-0 0-0 7. Bg5 d5 8. Bxf6 Bxf6 9. exd5 Qxd5 10. Nbd2 Bf5 11. Qb3 Qd7 12. Ne4 Be7 13. Rfd1 Rad8 14. Qb5 b6 15. Qa4 Qc7 16. Qc2 Rd7 17. Ne1 Rfd8 18. Ng3 Bg6 19. Bh5 Qd6 20. Bxg6 Qxg6 21. Qe2 Bh4 22. Qf3 Bxg3 23. fxg3 f5 24. Rac1 Ne7 25. Qe2 Qf6 26. Nf3 Nc6 27. Rd2 Qe6 28. Re1 Re7 29. b3 Qd5 30. Qd1 Rde8 31. Ree2 Nb8 32. Ne1 Nd7 33. Nc2 Qc6 34. Qf1 g6 35. Qf3 Qd6 36. Ne3 Nf6 37. Nd1 Rd8 38. Nf2 Nd5 39. Nd1 Kg7 40. Qf1 f4 41. c4 Nf6 42. gxf4 exf4 43. Rxe7+ Qxe7 44. Re2 Qd6 45. Nb2 g5 46. Qf3 Rd7 47. Rd2 Re7 48. Re2 Rd7 49. Rd2 Kg6 50. Rf2 Re7 51. Re2 Re5 52. Kf1 g4 53. Qf2 Qe6 54. Rxe5 Qxe5 55. Qe2 Kf5 56. Nd1 h5 57. h4 Qd4 58. Qc2 g3 59. Qe2 Ng4 60. Ke1 Nf6 61. Kf1 Qa1 62. Ke1 Qc1 63. Kf1 0-1

[Event "Karvina op"]
[Site "Karvina"]
[Date "2012.07.05"]
[Round "6"]
[White "Chudinovskih, Alexander N"]
[Black "Macicek, Jan"]
[Result "1-0"]
[WhiteElo "2263"]
[BlackElo "2117"]
[PlyCount "63"]
[EventDate "2012.06.30"]
[EventType "swiss"]
[EventRounds "9"]
[EventCountry "CZE"]
[SourceTitle "EXT 2014"]
[Source "ChessBase"]
[SourceDate "2013.11.20"]
[SourceVersion "1"]
[SourceVersionDate "2013.11.20"]
[SourceQuality "1"]

1. e4 c5 2. Nf3 e6 3. d4 cxd4 4. Nxd4 Bc5 5. Nb3 Bb6 6. c4 Ne7 7. Nc3 0-0 8. c5 Bc7 9. Nb5 Nbc6 10. g3 Bb8 11. Bg2 f5 12. 0-0 b6 13. Be3 fxe4 14. Bxe4 Nf5 15. Bxf5 Rxf5 16. Nd6 Rd5 17. Qf3 Bxd6 18. cxd6 Rxd6 19. Bf4 Rd5 20. Rad1 Rxd1 21. Rxd1 d5 22. Nd4 Nxd4 23. Rxd4 Qf6 24. Qe3 Ba6 25. Be5 Qf5 26. Kg2 Qb1 27. Kh3 h6 28. Bxg7 Bf1+ 29. Kh4 Kxg7 30. Qxe6 h5 31. Rxd5 Bb5 32. Rg5+ 1-0

[Event "Karvina op"]
[Site "Karvina"]
[Date "2012.07.02"]
[Round "3"]
[White "Macicek, Jan"]
[Black "Kocwin, Bartosz"]
[Result "0-1"]
[WhiteElo "2117"]
[BlackElo "2212"]
[PlyCount "80"]
[EventDate "2012.06.30"]
[EventType "swiss"]
[EventRounds "9"]
[EventCountry "CZE"]
[SourceTitle "EXT 2014"]
[Source "ChessBase"]
[SourceDate "2013.11.20"]
[SourceVersion "1"]
[SourceVersionDate "2013.11.20"]
[SourceQuality "1"]

1. e4 c5 2. Nf3 e6 3. d4 cxd4 4. Nxd4 a6 5. Bd3 Qb6 6. Nb3 d6 7. 0-0 Nf6 8. Be3 Qc7 9. Nc3 Be7 10. f4 Nbd7 11. a4 b6 12. Qe2 Bb7 13. Rae1 0-0 14. Bf2 e5 15. Bg3 g6 16. f5 Nh5 17. Bf2 Nf4 18. Qd1 gxf5 19. Nd5 Bxd5 20. exd5 e4 21. Bg3 Ng6 22. Be2 Bf6 23. Rxf5 Bxb2 24. h4 Ne7 25. Rf4 f5 26. Bh2 Ng6 27. Rf2 Nxh4 28. Nd4 Bxd4 29. Qxd4 Qc5 30. Qxc5 dxc5 31. d6 Kg7 32. g4 fxg4 33. Bxg4 Rxf2 34. Kxf2 Nf6 35. Be5 Kg6 36. Bxf6 Kxf6 37. d7 Ng6 38. Rxe4 Ne5 39. Rf4+ Ke7 40. Re4 Kd6 0-1

[Event "Pobeskydy Chance 18th"]
[Site "Frydek Mistek"]
[Date "2007.04.08"]
[Round "8"]
[White "Hrabusa, Matej"]
[Black "Macicek, Jan"]
[Result "1/2-1/2"]
[WhiteElo "2251"]
[BlackElo "2166"]
[PlyCount "64"]
[EventDate "2007.04.05"]
[EventType "swiss"]
[EventRounds "9"]
[EventCountry "CZE"]
[SourceTitle "CBM 118 Extra"]
[Source "ChessBase"]
[SourceDate "2007.07.04"]
[SourceVersion "1"]
[SourceVersionDate "2007.07.04"]
[SourceQuality "1"]

1. e4 e5 2. Nf3 Nf6 3. Nxe5 d6 4. Nf3 Nxe4 5. Nc3 Nxc3 6. dxc3 Nc6 7. Bf4 Be7 8. Bd3 Bf6 9. Qd2 Qe7+ 10. Be2 h6 11. 0-0-0 Be6 12. Rde1 0-0-0 13. Bb5 Ne5 14. Nd4 Bd7 15. Be2 Bg5 16. g3 Qf6 17. Be3 Bxe3 18. Qxe3 Ng4 19. Bxg4 Bxg4 20. f3 Bd7 21. f4 Rde8 22. Qf3 Re7 23. Qf2 Rhe8 24. Nf3 Bg4 25. Rxe7 Rxe7 26. Rf1 Bxf3 27. Qxf3 Qe6 28. b3 f5 29. Kd2 b5 30. Qd3 c6 31. Qf3 Kc7 32. Rd1 d5 1/2-1/2

[Event "Pobeskydy Chance 18th"]
[Site "Frydek Mistek"]
[Date "2007.04.06"]
[Round "3"]
[White "Trepka, Jan"]
[Black "Macicek, Jan"]
[Result "1/2-1/2"]
[WhiteElo "2084"]
[BlackElo "2166"]
[PlyCount "81"]
[EventDate "2007.04.05"]
[EventType "swiss"]
[EventRounds "9"]
[EventCountry "CZE"]
[SourceTitle "CBM 118 Extra"]
[Source "ChessBase"]
[SourceDate "2007.07.04"]
[SourceVersion "1"]
[SourceVersionDate "2007.07.04"]
[SourceQuality "1"]

1. d4 Nf6 2. c4 e6 3. Nf3 b6 4. Bf4 Bb7 5. e3 Bb4+ 6. Nc3 0-0 7. Bd3 Ne4 8. Qc2 f5 9. h4 c5 10. a3 cxd4 11. axb4 dxc3 12. bxc3 Qf6 13. Bxe4 Bxe4 14. Qd2 d5 15. Bg5 Qf7 16. Ne5 Qc7 17. Bf4 dxc4 18. Ng6 Qf7 19. Nxf8 Qxf8 20. f3 Bd3 21. Bxb8 Qxb8 22. Kf2 a5 23. Qb2 a4 24. b5 Ra5 25. Qb4 Bc2 26. Qe7 Rxb5 27. Ra2 Bd3 28. Qxe6+ Kh8 29. Qc6 Rc5 30. Qd7 b5 31. h5 h6 32. Rh4 Kh7 33. Rd4 f4 34. Rxf4 Rxh5 35. Rg4 Qe5 36. Qf7 Rh1 37. e4 Rf1+ 38. Ke3 Re1+ 39. Kf2 Rf1+ 40. Ke3 Re1+ 41. Kf2 1/2-1/2

[Event "CZE-chT2f 0607"]
[Site "Czech Republic"]
[Date "2007.02.11"]
[Round "7.2"]
[White "Macicek, Jan"]
[Black "Malik, Jan"]
[Result "1-0"]
[WhiteElo "2155"]
[BlackElo "2219"]
[PlyCount "65"]
[EventDate "2006.10.14"]
[EventType "team-tourn"]
[EventRounds "11"]
[EventCountry "CZE"]
[SourceTitle "EXT 2009"]
[Source "ChessBase"]
[SourceDate "2008.11.26"]
[SourceVersion "1"]
[SourceVersionDate "2008.11.26"]
[SourceQuality "1"]

1. e4 c5 2. b4 cxb4 3. a3 bxa3 4. d4 d5 5. e5 Nc6 6. Ne2 Bf5 7. Nf4 e6 8. g4 Be4 9. f3 Qh4+ 10. Ke2 Bxc2 11. Qd2 Bxb1 12. Rxb1 a2 13. Qxa2 Bb4 14. Nd3 Nge7 15. Nxb4 Nxd4+ 16. Ke3 0-0 17. Kxd4 f6 18. Ke3 fxe5 19. Be2 a5 20. Nc2 Rac8 21. Kd2 e4 22. Rf1 Qxh2 23. Kd1 exf3 24. Rxf3 Rxf3 25. Bxf3 Nc6 26. Be2 Qg1+ 27. Ne1 b6 28. Qa3 d4 29. Qd6 Na7 30. Bd2 d3 31. Qxe6+ Kh8 32. Bxd3 Rd8 33. Rxb6 1-0

[Event "CZE-chT2f 0607"]
[Site "Czech Republic"]
[Date "2007.01.14"]
[Round "6.3"]
[White "Macicek, Jan"]
[Black "Sikora Lerch, Jan"]
[Result "0-1"]
[WhiteElo "2155"]
[BlackElo "2310"]
[PlyCount "40"]
[EventDate "2006.10.14"]
[EventType "team-tourn"]
[EventRounds "11"]
[EventCountry "CZE"]
[SourceTitle "EXT 2009"]
[Source "ChessBase"]
[SourceDate "2008.11.26"]
[SourceVersion "1"]
[SourceVersionDate "2008.11.26"]
[SourceQuality "1"]

1. e4 c5 2. b4 e5 3. Nf3 Nc6 4. Bb2 cxb4 5. Bb5 d6 6. d4 Bd7 7. 0-0 exd4 8. Nxd4 Nf6 9. Nf5 Bxf5 10. exf5 Be7 11. a3 0-0 12. Bxc6 bxc6 13. axb4 d5 14. g4 Rb8 15. c3 Qc7 16. g5 Ne4 17. f4 Qd7 18. Nd2 Qxf5 19. Nxe4 dxe4 20. Rxa7 Bc5+ 0-1

[Event "Litomysl op"]
[Site "Litomysl"]
[Date "2006.12.30"]
[Round "7"]
[White "Macicek, Jan"]
[Black "Neumeier, Klaus"]
[Result "1-0"]
[WhiteElo "2155"]
[BlackElo "2289"]
[PlyCount "81"]
[EventDate "2006.12.26"]
[EventType "swiss"]
[EventRounds "9"]
[EventCountry "CZE"]
[SourceTitle "CBM 116 Extra"]
[Source "ChessBase"]
[SourceDate "2007.03.07"]
[SourceVersion "1"]
[SourceVersionDate "2007.03.07"]
[SourceQuality "1"]

1. e4 e5 2. Nf3 Nc6 3. Bb5 a6 4. Ba4 Nf6 5. 0-0 Be7 6. Re1 b5 7. Bb3 0-0 8. a4 Bb7 9. axb5 axb5 10. Rxa8 Bxa8 11. Nc3 Na5 12. Ba2 b4 13. Nd5 Bxd5 14. exd5 b3 15. cxb3 e4 16. Ng5 Nxd5 17. Nxe4 Nb4 18. Bb1 d5 19. Ng3 c5 20. d4 cxd4 21. Qxd4 Nac6 22. Qg4 g6 23. Nf5 Bf6 24. Bd2 d4 25. Be4 Re8 26. Nh6+ Kg7 27. h4 d3 28. h5 Ne5 29. Qf4 Nc2 30. hxg6 hxg6 31. Rd1 Nd4 32. Kf1 Rh8 33. g4 Ne6 34. Qg3 Qd4 35. Re1 Ng5 36. Nf5+ gxf5 37. gxf5 Rh3 38. Qg2 Rh5 39. f4 Nef3 40. Bxf3 Qd8 41. Bxh5 1-0

[Event "Havlickuv Brod op-B"]
[Site "Havlickuv Brod"]
[Date "2005.10.02"]
[Round "9"]
[White "Macicek, Jan"]
[Black "Fernandez Manrique, Agustin"]
[Result "1/2-1/2"]
[WhiteElo "2149"]
[BlackElo "2104"]
[PlyCount "85"]
[EventDate "2005.09.24"]
[EventType "swiss"]
[EventRounds "9"]
[EventCountry "CZE"]
[SourceTitle "CBM 108 Extra"]
[Source "ChessBase"]
[SourceDate "2005.11.04"]
[SourceVersion "1"]
[SourceVersionDate "2005.11.04"]
[SourceQuality "1"]

1. e4 e6 2. d4 d5 3. exd5 exd5 4. c4 Nf6 5. Nc3 Be7 6. Bd3 Be6 7. Qb3 dxc4 8. Bxc4 Bxc4 9. Qxc4 0-0 10. Nf3 Nbd7 11. 0-0 Nb6 12. Qb3 c6 13. Bf4 Nfd5 14. Be5 Qd7 15. Rfe1 Rfe8 16. Ne4 f6 17. Bg3 Bb4 18. Nc5 Qf7 19. Rxe8+ Rxe8 20. a3 Bxc5 21. dxc5 Nc8 22. Qc4 Nde7 23. Qc2 Nd5 24. b4 a6 25. Nd4 Qe7 26. f3 Qe3+ 27. Bf2 Qc3 28. Qxc3 Nxc3 29. a4 Ne2+ 30. Nxe2 Rxe2 31. Rd1 Ne7 32. Kf1 Rb2 33. Rd7 Nd5 34. Rxb7 Rxb4 35. Rxb4 Nxb4 36. Ke2 Kf7 37. Be1 Nd5 38. Bd2 Ke6 39. Kd3 Ke5 40. Kc4 Ke6 41. Bc1 Ke5 42. Bd2 Ke6 43. Bc1 1/2-1/2

[Event "Havlickuv Brod op-B"]
[Site "Havlickuv Brod"]
[Date "2005.09.26"]
[Round "3"]
[White "Macicek, Jan"]
[Black "Cerjak, Andrej"]
[Result "1-0"]
[WhiteElo "2149"]
[BlackElo "2032"]
[PlyCount "61"]
[EventDate "2005.09.24"]
[EventType "swiss"]
[EventRounds "9"]
[EventCountry "CZE"]
[SourceTitle "CBM 108 Extra"]
[Source "ChessBase"]
[SourceDate "2005.11.04"]
[SourceVersion "1"]
[SourceVersionDate "2005.11.04"]
[SourceQuality "1"]

1. e4 e5 2. f4 exf4 3. Nf3 Nf6 4. e5 Nh5 5. Be2 d5 6. d4 Bg4 7. 0-0 g5 8. c4 dxc4 9. Nc3 Nd7 10. b3 h6 11. bxc4 Be7 12. Bb2 c6 13. Ne4 Qa5 14. Bc3 Qa3 15. Rb1 f5 16. Rb3 Qa4 17. Nfd2 f3 18. Bxf3 Bxf3 19. Qxf3 Nf4 20. Ng3 Rf8 21. Rxb7 Rc8 22. Nh5 Ne6 23. Qd3 Rd8 24. Qb1 Qa6 25. Rb3 Nb6 26. Rxf5 Nxc4 27. Rxf8+ Nxf8 28. Qf1 c5 29. Ne4 Qxa2 30. Ng7+ Kd7 31. Rb7+ 1-0

[Event "Karvina op"]
[Site "Karvina"]
[Date "2005.07.07"]
[Round "6"]
[White "Macicek, Jan"]
[Black "Stehlik, Jiri"]
[Result "1/2-1/2"]
[WhiteElo "2149"]
[BlackElo "2076"]
[PlyCount "84"]
[EventDate "2005.07.02"]
[EventType "swiss"]
[EventRounds "9"]
[EventCountry "CZE"]
[SourceTitle "CBM 107 Extra"]
[Source "ChessBase"]
[SourceDate "2005.09.01"]
[SourceVersion "1"]
[SourceVersionDate "2005.09.01"]
[SourceQuality "1"]

1. e4 c5 2. b4 cxb4 3. d4 d5 4. e5 g6 5. a3 bxa3 6. c3 h5 7. Nxa3 Nc6 8. Bd3 Nh6 9. Bg5 Nf5 10. Nf3 Bh6 11. Qd2 Bxg5 12. Nxg5 e6 13. Nb5 Kf8 14. Bxf5 exf5 15. Nd6 Be6 16. Nxb7 Qc7 17. Nc5 Re8 18. f4 Kg7 19. Kf2 Re7 20. Rhb1 Qc8 21. h4 a5 22. Rb6 Rhe8 23. Qb2 Qa8 24. Qb5 Rc7 25. Rb1 Bc8 26. Ra1 Ree7 27. Na6 Bxa6 28. Rxa6 Qc8 29. Rb6 Na7 30. Qxd5 Rxc3 31. Qd6 Rc2+ 32. Kg3 Qc3+ 33. Kh2 Qd2 34. Qf6+ Kg8 35. Rb8+ Nc8 36. Rxc8+ Rxc8 37. Qxe7 Qxf4+ 38. Kg1 Qxd4+ 39. Kh2 Qxh4+ 40. Kg1 Qd4+ 41. Kh2 Qh4+ 42. Kg1 Qd4+ 1/2-1/2

[Event "Karvina op"]
[Site "Karvina"]
[Date "2005.07.05"]
[Round "4"]
[White "Macicek, Jan"]
[Black "Geffert, Michal"]
[Result "0-1"]
[WhiteElo "2149"]
[BlackElo "2093"]
[PlyCount "84"]
[EventDate "2005.07.02"]
[EventType "swiss"]
[EventRounds "9"]
[EventCountry "CZE"]
[SourceTitle "CBM 107 Extra"]
[Source "ChessBase"]
[SourceDate "2005.09.01"]
[SourceVersion "1"]
[SourceVersionDate "2005.09.01"]
[SourceQuality "1"]

1. e4 e6 2. Nf3 d5 3. e5 c5 4. b4 cxb4 5. d4 Nc6 6. Bd3 Bd7 7. Nbd2 Be7 8. 0-0 Qb6 9. Nb3 a5 10. Be3 a4 11. Nc5 Bxc5 12. dxc5 Qc7 13. Kh1 Nge7 14. Qe2 Ng6 15. h4 Ncxe5 16. h5 Nxd3 17. cxd3 Ne7 18. Rab1 Nc6 19. Nd4 Nxd4 20. Bxd4 f6 21. Rxb4 Kf7 22. Rfb1 Bc6 23. Be3 Rac8 24. h6 g6 25. Qg4 Rhf8 26. d4 Kg8 27. f4 Qf7 28. Rf1 Qe7 29. Bg1 e5 30. f5 Kf7 31. Rbb1 Rg8 32. Rfe1 Qf8 33. Bh2 Qxh6 34. dxe5 gxf5 35. Qxf5 d4 36. e6+ Ke7 37. Rb2 Rg6 38. Qf4 Qxf4 39. Bxf4 Rcg8 40. Bd6+ Ke8 41. Ree2 d3 42. Rf2 Rxg2 0-1

[Event "MOR-chT2N 0203"]
[Site "Moravia"]
[Date "2002.11.17"]
[Round "3"]
[White "Macicek, Jan"]
[Black "Kopec, Ladislav"]
[Result "1-0"]
[WhiteElo "2188"]
[BlackElo "2198"]
[PlyCount "69"]
[EventDate "2002.10.??"]
[EventType "team-tourn"]
[EventRounds "11"]
[EventCountry "CZE"]
[SourceTitle "EXT 2006"]
[Source "ChessBase"]
[SourceDate "2005.11.24"]
[SourceVersion "1"]
[SourceVersionDate "2005.11.24"]
[SourceQuality "1"]

1. e4 c5 2. Nf3 e6 3. d4 cxd4 4. Nxd4 a6 5. Bd3 Bc5 6. Nb3 Be7 7. 0-0 d6 8. f4 b6 9. Nc3 Nd7 10. Kh1 Bb7 11. Qe1 Qc7 12. a4 Ngf6 13. Be3 g6 14. Nd2 h5 15. Bg1 Nc5 16. e5 Qc6 17. Nf3 dxe5 18. fxe5 Nxd3 19. cxd3 Ng4 20. Ne4 0-0 21. h3 Nh6 22. Rc1 Qxa4 23. Rc7 Bxe4 24. dxe4 Bd8 25. Rc3 f5 26. Qg3 Kh7 27. Ng5+ Bxg5 28. Qxg5 Qb5 29. Rfc1 Qxe5 30. Rc7+ Rf7 31. Be3 Qg7 32. R7c6 fxe4 33. Rxe6 Nf5 34. Rcc6 Nxe3 35. Rxg6 1-0

[Event "MOR-chT2N 0203"]
[Site "Moravia"]
[Date "2002.11.03"]
[Round "2"]
[White "Macicek, Jan"]
[Black "Holeksa, Milos"]
[Result "1-0"]
[WhiteElo "2188"]
[BlackElo "2126"]
[PlyCount "111"]
[EventDate "2002.10.??"]
[EventType "team-tourn"]
[EventRounds "11"]
[EventCountry "CZE"]
[SourceTitle "EXT 2006"]
[Source "ChessBase"]
[SourceDate "2005.11.24"]
[SourceVersion "1"]
[SourceVersionDate "2005.11.24"]
[SourceQuality "1"]

1. e4 e5 2. f4 exf4 3. Nf3 Be7 4. Nc3 d6 5. d4 Nc6 6. Bxf4 Bg4 7. Bb5 a6 8. Ba4 b5 9. Bb3 Bf6 10. Ne2 Bxf3 11. gxf3 Na5 12. c3 Nxb3 13. Qxb3 Bh4+ 14. Bg3 Qg5 15. Bxh4 Qxh4+ 16. Kd2 Ne7 17. Rag1 g6 18. Rg2 c5 19. Qd1 Nc6 20. Qg1 cxd4 21. cxd4 Rc8 22. Qe3 0-0 23. Qg5 Qxg5+ 24. Rxg5 h6 25. Rg2 Rfd8 26. Rc1 Kg7 27. f4 Na5 28. b3 Rxc1 29. Nxc1 d5 30. e5 Rc8 31. Ne2 Nc6 32. Rg3 b4 33. Rg1 Na7 34. Rc1 Rxc1 35. Nxc1 Nb5 36. Nd3 Nc3 37. Ke3 a5 38. Nc5 Nxa2 39. Nb7 a4 40. bxa4 b3 41. Kd2 b2 42. Kc2 Nc3 43. Kxb2 Nxa4+ 44. Kb3 Nb6 45. Kb4 Nc4 46. Kc5 Ne3 47. Nd6 h5 48. Ne8+ Kh6 49. Nf6 g5 50. Nxd5 gxf4 51. Nxf4 Kg5 52. Nd3 Kf5 53. d5 Nc2 54. d6 Ke6 55. Nf4+ Kd7 56. Nxh5 1-0

[Event "MOR-chT2N 0203"]
[Site "Moravia"]
[Date "2002.10.13"]
[Round "1"]
[White "Macicek, Jan"]
[Black "Kocur, Valter"]
[Result "1-0"]
[WhiteElo "2188"]
[BlackElo "2194"]
[PlyCount "95"]
[EventDate "2002.10.??"]
[EventType "team-tourn"]
[EventRounds "11"]
[EventCountry "CZE"]
[SourceTitle "EXT 2006"]
[Source "ChessBase"]
[SourceDate "2005.11.24"]
[SourceVersion "1"]
[SourceVersionDate "2005.11.24"]
[SourceQuality "1"]

1. e4 c5 2. Nf3 e6 3. d4 cxd4 4. Nxd4 a6 5. Bd3 Nc6 6. Be3 Nge7 7. 0-0 d5 8. exd5 Nxd5 9. Nxc6 bxc6 10. Bd4 c5 11. Be5 Bd6 12. Bxd6 Qxd6 13. Be4 c4 14. Qd4 0-0 15. Qxc4 Bd7 16. Qd4 Rad8 17. c4 Qb6 18. Qxb6 Nxb6 19. b3 Bc8 20. Nc3 f5 21. Bf3 Rd3 22. Rac1 Rfd8 23. Rfd1 Kf7 24. Kf1 Rxd1+ 25. Rxd1 Rxd1+ 26. Nxd1 e5 27. Bc6 Ke6 28. Nc3 Kd6 29. Be8 Bb7 30. g3 Kc5 31. a3 Bf3 32. Ke1 Nc8 33. Kd2 Nd6 34. Bd7 g5 35. Be6 a5 36. Bg8 h6 37. Be6 f4 38. gxf4 exf4 39. Bg8 Ne4+ 40. Nxe4+ Bxe4 41. Kc3 h5 42. b4+ axb4+ 43. axb4+ Kd6 44. Kd4 Bg2 45. b5 g4 46. c5+ Kd7 47. Bh7 h4 48. Bf5+ 1-0

[Event "Moravia-ch"]
[Site "Moravia"]
[Date "1997.??.??"]
[Round "?"]
[White "Macicek, Jan"]
[Black "Hnilicka, Michal"]
[Result "1-0"]
[WhiteElo "2130"]
[BlackElo "1760"]
[PlyCount "47"]
[EventDate "1997.??.??"]
[EventType "swiss"]
[EventRounds "9"]
[EventCountry "CZE"]
[SourceTitle "EXT 1999"]
[Source "ChessBase"]
[SourceDate "1998.11.16"]
[SourceVersion "1"]
[SourceVersionDate "1998.11.16"]
[SourceQuality "1"]

1. d4 d5 2. Nf3 Nc6 3. Bg5 Bf5 4. c3 h6 5. Bh4 g5 6. Bg3 Qd7 7. b4 a6 8. Nbd2 Bg7 9. e3 b5 10. Nb3 e6 11. a4 Na7 12. Nc5 Qc6 13. Ne5 Bxe5 14. Bxe5 f6 15. Qh5+ Ke7 16. Bg3 Nc8 17. Be2 Nd6 18. 0-0 Kf8 19. Bxd6+ cxd6 20. axb5 axb5 21. Bxb5 Qc8 22. Nd7+ Kg7 23. Nb6 Bg6 24. Qe2 1-0

[Event "Moravia-ch"]
[Site "Moravia"]
[Date "1997.??.??"]
[Round "?"]
[White "Obrdlik, Rostislav"]
[Black "Macicek, Jan"]
[Result "0-1"]
[WhiteElo "1970"]
[BlackElo "2130"]
[PlyCount "100"]
[EventDate "1997.??.??"]
[EventType "swiss"]
[EventRounds "9"]
[EventCountry "CZE"]
[SourceTitle "EXT 1999"]
[Source "ChessBase"]
[SourceDate "1998.11.16"]
[SourceVersion "1"]
[SourceVersionDate "1998.11.16"]
[SourceQuality "1"]

1. e4 c5 2. Nf3 g6 3. d4 cxd4 4. Qxd4 Nf6 5. e5 Nc6 6. Qa4 Nd5 7. Qe4 Nc7 8. Bc4 Ne6 9. 0-0 Bg7 10. Nc3 b6 11. a3 Bb7 12. Nd5 Rc8 13. Re1 0-0 14. Bd2 Nxe5 15. Nxe5 Bxe5 16. Bh6 Bxd5 17. Bxd5 Bg7 18. Bxe6 dxe6 19. Bxg7 Kxg7 20. Qe5+ Kg8 21. c3 Rc5 22. Qf4 Qd6 23. Qf3 Rd8 24. g3 Rd5 25. Re2 e5 26. Rae1 f6 27. Kg2 Kg7 28. Qe4 Rd7 29. g4 Rd3 30. Re3 Kf7 31. R1e2 Rxe3 32. Qxe3 Qd5+ 33. f3 Qd1 34. Kf2 Kg7 35. Kg2 Rd3 36. Qf2 Kf7 37. Kg3 Qc1 38. Re1 Qf4+ 39. Kg2 f5 40. gxf5 gxf5 41. Re2 Kf6 42. Qg3 Rd2 43. Qf2 Rxe2 44. Qxe2 e4 45. fxe4 Qxe4+ 46. Qxe4 fxe4 47. Kf2 Ke5 48. Ke3 b5 49. b3 a5 50. a4 bxa4 0-1